000 00303nam a2200121Ia 4500
008 190216s9999||||xx |||||||||||||| ||und||
100 _aSingh H
245 0 _aBusiness Organisation And Mangement
260 _bMcgraw-Hill International Edition
_c1976
300 _a345p
650 _aCommerce
942 _cBK
999 _c4199
_d4199